| 000 -ლიდერი |
| ფიქსირებული სიგრძის საკონტროლო ველი |
00584nam a2200157 4500 |
| 003 - საკონტროლო ნომრის იდენტიფიკატორი |
| საკონტროლო ველი |
Ge_BSU |
| 005 - ბოლო ოპერაციის თარიღი და დრო |
| საკონტროლო ველი |
20200206171333.0 |
| 008 - ფიქსირებული სიგრძის მონაცემთა ელემენტები - ზოგადი ინფორმაცია |
| ფიქსირებული სიგრძის საკონტროლო ველი |
200206s ge ||||| |||| 00| 0 geo d |
| 041 ## - ენის კოდი |
| Language code of text/sound track or separate title |
geo |
| 080 ## - უნივერსალური ათობითი კლასიფიკაციის ინდექსი |
| Universal Decimal Classification number |
912 (100) მ-90 |
| 245 ## - ცნობა სათაურის შესახებ |
| Title |
მსოფლიოს ფიზიკური რუკა / |
| Statement of responsibility, etc |
რედ. ნ. ფეიქრიშვილი. |
| 264 ## - წარმოების, გამოცემის, დისტრიბუციის და სხვა ცნობები |
| გამოცემის, წარმოების, დისტრიბუციის... ადგილი |
თბილისი, |
| გამოცემის, წარმოების, დისტრიბუციის... თარიღი |
2004. |
| 653 ## - INDEX TERM--UNCONTROLLED |
| Uncontrolled term |
მსოფლიოს ფიზიკური რუკა |
| 700 ## - ADDED ENTRY--PERSONAL NAME |
| Personal name |
ფეიქრიშვილი, ნ. |
| Relator term |
რედაქტორი |
| 9 (RLIN) |
6850 |
| 942 ## - ADDED ENTRY ELEMENTS (KOHA) |
| Source of classification or shelving scheme |
|
| Koha item type |
რუკები |